[Event "World Youth U16 Olympiad"]
[Site "Gyor HUN"]
[Date "2014.12.14"]
[Round "3.4"]
[Board "3"]
[White "Juhasz, Armin"]
[Black "Vavulin, Maksim"]
[Result "0-1"]
[WhiteTitle "FM"]
[BlackTitle "IM"]
[WhiteElo "2268"]
[BlackElo "2430"]
[WhiteTeam "Hungary 2"]
[BlackTeam "Russia"]
[WhiteFideId "724270"]
[BlackFideId "4169530"]
[EventDate "2014.12.13"]

1. Nf3 Nf6 2. c4 b6 3. d4 e6 4. g3 Ba6 5. Qb3 c5 6. d5 g6 7. Bg2 exd5 8. cxd5
Bg7 9. Qe3+ Kf8 10. Qb3 d6 11. Nc3 Ke7 12. O-O Re8 13. Re1 Kf8 14. e4 Nbd7 15.
Bf4 Qb8 16. a4 Nh5 17. Bd2 c4 18. Qc2 Nc5 19. Be3 Nf6 20. Bd4 Nd3 21. Re2 Qc7
22. Ne1 Nb4 23. Qd2 Nd7 24. Bxg7+ Kxg7 25. Nf3 Qc5 26. Nd4 Ne5 27. Ncb5 Bc8 28.
Qc3 a6 29. Nxd6 Qxd6 30. f4 f6 31. fxe5 fxe5 32. Nf3 Bd7 33. Kh1 Rac8 34. Rf1 h6
35. b3 b5 36. a5 Nd3 37. bxc4 bxc4 38. Nd2 Qc5 39. Nf3 Qd6 40. Nd2 Qc5 41. Nf3
Rc7 42. h3 Bb5 43. Kh2 Qb4 44. Rc2 Qxc3 45. Rxc3 Nc5 46. Re1 Na4 47. Rc2 c3 48.
Bf1 Bxf1 49. Rxf1 Rb7 50. Ra1 Rb2 51. Ne1 Nc5 52. Kg2 Nxe4 53. Kf3 Nf6 54. d6
e4+ 55. Ke3 Rb5 56. Rd1 Nd5+ 57. Ke2 Rd8 58. Rd4 e3 59. Ng2 Rxd6 60. Nxe3 Re6
61. Rxd5 Rxd5 62. Rxc3 Rxa5 63. Rc7+ Kf6 64. Kd2 Ra2+ 65. Nc2 Ke5 66. Kd3 Rd6+
67. Ke3 Rb2 68. Rc3 Kf6 69. Na3 Re6+ 70. Kd4 Rd2+ 71. Kc5 g5 72. Nc4 Rd8 73. Nb6
Kg6 74. g4 Rb8 75. Nd7 Rc8+ 76. Kd5 Rxc3 77. Kxe6 Rxh3 78. Ne5+ Kg7 0-1

[Event "World Youth U16 Olympiad"]
[Site "Gyor HUN"]
[Date "2014.12.14"]
[Round "3.4"]
[Board "4"]
[White "Sarana, Alexey"]
[Black "Zsirai, Peter"]
[Result "1-0"]
[WhiteElo "2391"]
[BlackElo "2301"]
[WhiteTeam "Russia"]
[BlackTeam "Hungary 2"]
[WhiteFideId "24133795"]
[BlackFideId "727423"]
[EventDate "2014.12.13"]

1. d4 d6 2. e4 Nf6 3. Nc3 c6 4. a4 Nbd7 5. Nf3 e5 6. Bc4 Be7 7. O-O O-O 8. Re1
Qc7 9. b3 Nb6 10. Bf1 Bg4 11. Be2 Rfe8 12. h3 Bh5 13. Bb2 Rad8 14. Qd2 Bf8 15.
Rad1 a6 16. Qg5 h6 17. Qc1 Nbd7 18. Nh4 Bxe2 19. Rxe2 g6 20. Nf3 Bg7 21. dxe5
dxe5 22. Na2 Nh5 23. g3 Nc5 24. Kg2 Ne6 25. Red2 Rxd2 26. Rxd2 Nc5 27. Qe1 Nf6
28. Nc3 b5 29. axb5 axb5 30. Re2 Ne6 31. Na2 Nd7 32. Nb4 Nb6 33. Nd3 Nd4 34.
Nxd4 exd4 35. Qb4 Qd7 36. Re1 Na8 37. e5 Qd5+ 38. Kg1 Rd8 39. Nf4 Qd7 40. e6 Qe8
41. exf7+ Qxf7 42. Re7 Qf5 43. Rxg7+ 1-0

[Event "World Youth U16 Olympiad"]
[Site "Gyor HUN"]
[Date "2014.12.14"]
[Round "3.5"]
[Board "1"]
[White "Donchenko, Alexander"]
[Black "Deac, Bogdan-Daniel"]
[Result "0-1"]
[WhiteTitle "IM"]
[BlackTitle "FM"]
[WhiteElo "2523"]
[BlackElo "2391"]
[WhiteTeam "Germany"]
[BlackTeam "Romania"]
[WhiteFideId "24603295"]
[BlackFideId "1226380"]
[EventDate "2014.12.13"]

1. d4 Nf6 2. c4 e6 3. g3 d5 4. Nf3 Bb4+ 5. Nbd2 dxc4 6. a3 Bxd2+ 7. Bxd2 Bd7 8.
e3 Bc6 9. Bxc4 Nbd7 10. O-O Ne4 11. Be1 Nb6 12. b3 Ng5 13. Nxg5 Qxg5 14. Qe2
O-O-O 15. Bc3 h5 16. e4 h4 17. Bd3 f5 18. f4 Qh6 19. g4 fxe4 20. Bxe4 Nd5 21.
Bd2 Qf6 22. Qf2 Ne7 23. Bxc6 Nxc6 24. Be3 h3 25. Rad1 Rd5 26. Rd2 Kb8 27. Rfd1
a6 28. Qg3 Qh4 29. Bf2 Qd8 30. Qe3 Qd6 31. b4 Rf8 32. Bg3 Qd7 33. Rd3 Rd8 34.
Bh4 Rh8 35. Bg3 Ka8 36. Qe4 Rd8 37. Bh4 Rh8 38. Bf2 Rd6 39. Rb1 Ne7 40. b5 axb5
41. a4 b4 42. Rxb4 Qc6 43. Qxc6 Rxc6 44. Rb1 Nd5 45. Rf3 Rf8 46. f5 exf5 47.
gxf5 Rcf6 48. Rbb3 g5 49. Rxh3 Rxf5 50. Rb2 g4 51. Rhb3 b6 52. a5 Kb7 53. axb6
cxb6 54. Kg2 Rf3 55. Rxf3 Rxf3 56. Kg1 Nf4 57. Bg3 Nh3+ 58. Kg2 Rd3 59. Rb4 Rd1 0-1

[Event "World Youth U16 Olympiad"]
[Site "Gyor HUN"]
[Date "2014.12.14"]
[Round "3.5"]
[Board "2"]
[White "Dolana, Andrei-Theodor"]
[Black "Perske, Thore"]
[Result "0-1"]
[WhiteElo "2279"]
[BlackElo "2402"]
[WhiteTeam "Romania"]
[BlackTeam "Germany"]
[WhiteFideId "1219804"]
[BlackFideId "12902195"]
[EventDate "2014.12.13"]

1. e4 e6 2. d4 d5 3. Nc3 Nf6 4. e5 Nfd7 5. f4 c5 6. Nf3 Nc6 7. Be3 cxd4 8. Nxd4
Bc5 9. Qd2 O-O 10. O-O-O a6 11. Qf2 Nxd4 12. Bxd4 Qc7 13. Bd3 b5 14. Ne2 Bxd4
15. Qxd4 Nc5 16. Kb1 Bd7 17. h4 Rfc8 18. Rc1 Rab8 19. h5 b4 20. Rhf1 Qa5 21. f5
exf5 22. Bxf5 Bxf5 23. Rxf5 Ne4 24. Ka1 b3 25. a3 bxc2 26. Qa7 Qc7 27. Qxc7 Rxc7
28. Ka2 Nd2 29. b4 a5 30. b5 a4 31. Nd4 Rc4 32. Rxc2 Rxd4 33. Rc7 Rc4 34. Rcxf7
Rc2+ 35. Ka1 Rbc8 0-1

[Event "World Youth U16 Olympiad"]
[Site "Gyor HUN"]
[Date "2014.12.14"]
[Round "3.5"]
[Board "3"]
[White "Vogel, Roven"]
[Black "Costachi, Mihnea"]
[Result "1/2-1/2"]
[BlackTitle "FM"]
[WhiteElo "2401"]
[BlackElo "2356"]
[WhiteTeam "Germany"]
[BlackTeam "Romania"]
[WhiteFideId "12908088"]
[BlackFideId "1217518"]
[EventDate "2014.12.13"]

1. d4 Nf6 2. Nf3 g6 3. c4 Bg7 4. Nc3 O-O 5. e4 d6 6. Be2 Nbd7 7. O-O e5 8. Re1
Re8 9. d5 Nh5 10. Bf1 a5 11. Rb1 Nc5 12. Be3 b6 13. a3 f5 14. b4 axb4 15. axb4
Nxe4 16. Nxe4 fxe4 17. Nd2 Nf6 18. Bg5 Bf5 19. Nxe4 Bxe4 20. Rxe4 h6 21. Bxf6
Qxf6 22. Ra1 Rf8 23. f3 Qg5 24. Rxa8 Rxa8 25. Qc2 Ra1 26. Qb2 Rd1 27. Qc2 Ra1
28. Qb2 Rd1 29. Qc2 Ra1 30. Qb2 Rd1 1/2-1/2

[Event "World Youth U16 Olympiad"]
[Site "Gyor HUN"]
[Date "2014.12.14"]
[Round "3.5"]
[Board "4"]
[White "Toma, Radu-Cristian"]
[Black "Sieber, Fiona"]
[Result "1-0"]
[WhiteElo "2255"]
[BlackElo "2019"]
[WhiteTeam "Romania"]
[BlackTeam "Germany"]
[WhiteFideId "1217992"]
[BlackFideId "12902373"]
[EventDate "2014.12.13"]

1. Nf3 Nf6 2. c4 e6 3. Nc3 Bb4 4. g3 O-O 5. Bg2 d5 6. cxd5 exd5 7. a3 Be7 8. d4
Nbd7 9. O-O c6 10. b4 b5 11. Bg5 h6 12. Bxf6 Bxf6 13. e4 dxe4 14. Nxe4 Nb6 15.
Nxf6+ Qxf6 16. Ne5 Bb7 17. Qf3 Qxf3 18. Bxf3 Rac8 19. Rfc1 Nd5 20. a4 a6 21.
Bxd5 cxd5 22. axb5 axb5 23. Rc5 f6 24. Nd3 Rxc5 25. bxc5 Bc8 26. Ra5 Re8 27. Kg2
Bf5 28. Nb4 Re1 29. c6 Rc1 30. f3 Kh7 31. g4 Be6 32. Rxb5 Rc4 33. Rb6 Rxd4 34.
c7 Bd7 35. Rb8 Rc4 36. Nxd5 Be6 37. Kg3 Rc5 38. Rd8 Bxd5 39. c8=Q Rxc8 40. Rxc8
h5 41. gxh5 Be6 42. Rd8 Bf7 43. Kh4 Bc4 44. Rf8 Bd5 45. Kg4 Be6+ 46. Kf4 Bd5 47.
h4 Be6 48. Ke3 Bb3 49. Kf4 Be6 50. Ke4 Bb3 51. f4 Bd1 52. h6 Kxh6 53. Rh8+ Kg6
54. f5+ Kf7 55. h5 Bc2+ 56. Kf4 Bd1 57. h6 gxh6 58. Rxh6 Kg7 59. Rg6+ Kf7 60.
Rg1 Bc2 61. Rc1 Bd3 62. Rc5 Bb1 63. Kg4 Kg7 64. Kh5 Ba2 65. Rc7+ Bf7+ 66. Rxf7+
Kxf7 67. Kh6 Kf8 68. Kg6 Kg8 69. Kxf6 Kf8 70. Ke6 Ke8 71. f6 1-0

[Event "World Youth U16 Olympiad"]
[Site "Gyor HUN"]
[Date "2014.12.14"]
[Round "3.6"]
[Board "2"]
[White "Peczely, Sebastian Zsombor"]
[Black "Cao, Jason"]
[Result "1/2-1/2"]
[BlackTitle "FM"]
[WhiteElo "2197"]
[BlackElo "2309"]
[WhiteTeam "Hungary 3"]
[BlackTeam "Canada 1"]
[WhiteFideId "750964"]
[BlackFideId "2611112"]
[EventDate "2014.12.13"]

1. e4 c5 2. Nf3 d6 3. d4 cxd4 4. Nxd4 Nf6 5. Nc3 a6 6. Qe2 e5 7. Nf5 d5 8. Bg5
d4 9. O-O-O Nc6 10. Qf3 Be6 11. Bxf6 Qxf6 12. Nd5 Qd8 13. Kb1 g6 14. Nfe3 Bg7
15. Ng4 f5 16. Qb3 Bxd5 17. exd5 Na5 18. Qa3 Rc8 19. Nxe5 Bxe5 20. Re1 Qc7 21.
Bd3 Kf7 22. Rxe5 Qxe5 23. Qxa5 Rhd8 24. Qb4 Qxd5 25. b3 b5 26. f3 Qd6 27. Qd2
Re8 28. h4 Re3 29. h5 Rce8 30. hxg6+ hxg6 31. g4 fxg4 32. fxg4 Kg7 33. Kb2 Rh8
34. Rxh8 Kxh8 35. Qf2 Kg7 36. g5 Qc6 37. a3 Qe6 38. Qh4 Rxd3 39. cxd3 Qe2+ 40.
Ka1 Qxd3 41. Qf4 Qc3+ 42. Ka2 d3 43. Qd6 Qc2+ 44. Ka1 Qc1+ 45. Ka2 Qxg5 46. Qxd3
Qf6 47. Qd7+ Kh6 48. Qh3+ Kg5 49. Qg2+ Kh5 50. Qe2+ Kg5 51. Qg2+ Kh6 52. Qh3+
Kg7 53. Qd7+ Kf8 54. Qc8+ Kf7 55. Qb7+ Qe7 56. Qxa6 Qe2+ 57. Kb1 g5 58. a4 Qd1+
59. Kb2 Qd2+ 60. Kb1 Qd1+ 1/2-1/2

[Event "World Youth U16 Olympiad"]
[Site "Gyor HUN"]
[Date "2014.12.14"]
[Round "3.7"]
[Board "1"]
[White "Sibashvili, Giorgi"]
[Black "Plenca, Jadranko"]
[Result "0-1"]
[WhiteTitle "FM"]
[BlackTitle "FM"]
[WhiteElo "2387"]
[BlackElo "2313"]
[WhiteTeam "Georgia"]
[BlackTeam "Croatia"]
[WhiteFideId "13602799"]
[BlackFideId "14527146"]
[EventDate "2014.12.13"]

1. d4 d5 2. c4 c6 3. Nf3 Nf6 4. e3 a6 5. Bd3 dxc4 6. Bxc4 b5 7. Bd3 e6 8. a4 b4
9. b3 Bb7 10. Bb2 Nbd7 11. Nbd2 c5 12. Nc4 cxd4 13. Bxd4 Bc5 14. Bb2 O-O 15. Qe2
Be4 16. Bxe4 Nxe4 17. O-O Ndf6 18. Rfd1 Qe7 19. Nfd2 Nc3 20. Bxc3 bxc3 21. Nf3
Rfd8 22. Nfe5 Qb7 23. Qc2 Bb4 24. Rxd8+ Rxd8 25. a5 Qd5 26. f3 Ne8 27. e4 Bc5+
28. Kh1 Qb7 29. Rd1 Rxd1+ 30. Qxd1 Qc7 31. Nd3 Qd7 32. Qc2 Bd4 33. Nb4 Nd6 34.
Qd3 Qb5 35. Nxd6 Qxb4 36. Qxa6 h6 37. Qc8+ Kh7 38. Nxf7 c2 39. Qh8+ Kg6 0-1

[Event "World Youth U16 Olympiad"]
[Site "Gyor HUN"]
[Date "2014.12.14"]
[Round "3.7"]
[Board "2"]
[White "Tica, Sven"]
[Black "Tutisani, Noe"]
[Result "1/2-1/2"]
[WhiteElo "2236"]
[BlackElo "2301"]
[WhiteTeam "Croatia"]
[BlackTeam "Georgia"]
[WhiteFideId "14526948"]
[BlackFideId "13602853"]
[EventDate "2014.12.13"]

1. Nf3 Nf6 2. c4 b6 3. g3 Bb7 4. Bg2 g6 5. O-O Bg7 6. Nc3 O-O 7. Qc2 c5 8. e4
Nc6 9. d3 d6 10. Be3 Ng4 11. h3 Nge5 12. Ne1 Nd4 13. Bxd4 cxd4 14. Ne2 Nc6 15.
Qd2 a6 16. a4 b5 17. axb5 axb5 18. Rxa8 Bxa8 19. cxb5 Na7 20. Nc2 Nxb5 21. Qb4
Qb8 22. Ra1 Rc8 23. Ra5 Bc6 24. Nf4 Bd7 25. e5 Bxe5 26. Ra8 Qc7 27. Nd5 Qxc2 28.
Nxe7+ Kg7 29. Nxc8 Qd1+ 30. Kh2 Qe2 31. Kg1 Qd1+ 32. Kh2 Qe2 33. Kg1 1/2-1/2

[Event "World Youth U16 Olympiad"]
[Site "Gyor HUN"]
[Date "2014.12.14"]
[Round "3.7"]
[Board "3"]
[White "Khomeriki, Nino"]
[Black "Livaic, Leon"]
[Result "1-0"]
[WhiteTitle "WFM"]
[WhiteElo "2141"]
[BlackElo "2193"]
[WhiteTeam "Georgia"]
[BlackTeam "Croatia"]
[WhiteFideId "13603191"]
[BlackFideId "14531534"]
[EventDate "2014.12.13"]

1. d4 Nf6 2. Nf3 e6 3. e3 b6 4. Bd3 Bb7 5. b3 c5 6. Bb2 Be7 7. Nbd2 cxd4 8. exd4
O-O 9. O-O d6 10. c4 Nbd7 11. Qe2 Re8 12. Rac1 Bf8 13. Rfd1 Qc7 14. Bb1 Rad8 15.
Nf1 Qb8 16. Ng3 Qa8 17. Ne1 g6 18. f3 Bg7 19. Nd3 h5 20. Nf2 h4 21. Nge4 Nxe4
22. fxe4 f5 23. d5 Bh6 24. exf5 exf5 25. Qd3 Bxc1 26. Bxc1 Ne5 27. Qh3 Rd7 28.
Qxh4 Rh7 29. Qg3 Qc8 30. Bb2 Qd7 31. Nd3 Qg7 32. Re1 Qf6 33. Nxe5 dxe5 34. Rxe5
Rxe5 35. Bxe5 Qf7 36. h3 Bc8 37. Bd3 Qe8 38. Bd4 Bd7 39. b4 Rh5 40. c5 bxc5 41.
bxc5 f4 42. Qxf4 Qe1+ 43. Kh2 Qh4 44. Qxh4 Rxh4 45. c6 Bc8 46. Bxa7 Ra4 47. Bb6 1-0

[Event "World Youth U16 Olympiad"]
[Site "Gyor HUN"]
[Date "2014.12.14"]
[Round "3.7"]
[Board "4"]
[White "Muha, Miljenko"]
[Black "Ghvamberia, Nika"]
[Result "0-1"]
[WhiteElo "2105"]
[BlackElo "2122"]
[WhiteTeam "Croatia"]
[BlackTeam "Georgia"]
[WhiteFideId "14533332"]
[BlackFideId "13602128"]
[EventDate "2014.12.13"]

1. d4 Nf6 2. c4 e6 3. Nc3 Bb4 4. e3 c5 5. Ne2 cxd4 6. exd4 d5 7. a3 Be7 8. Nf4
dxc4 9. Bxc4 O-O 10. O-O Nc6 11. Be3 b6 12. Rc1 Bb7 13. Qd2 Rc8 14. Nxe6 fxe6
15. Bxe6+ Kh8 16. Bxc8 Bxc8 17. Rfd1 Nd5 18. Qe2 Bb7 19. Qh5 Na5 20. Nxd5 Bxd5
21. Rc3 Qd7 22. Rdc1 Nc6 23. b4 a6 24. h3 Bf6 25. Rd3 Kg8 26. Qg4 Qxg4 27. hxg4
Re8 28. g5 Bd8 29. Rdc3 Re6 30. Rb1 b5 31. Rc5 Ne7 32. Rd1 Bb6 33. Rcc1 Kf7 34.
Re1 Nf5 35. Rcd1 Re4 36. Bc1 Rxe1+ 37. Rxe1 Nxd4 38. Re5 Bc4 39. Be3 Ne2+ 40.
Kh1 Bxe3 41. Rxe3 Nd4 42. f4 Nc2 43. Rc3 Ne1 44. Re3 Nd3 45. g3 Nb2 46. Kg1 Be6
47. Kg2 Nc4 48. Rc3 Bg4 49. Rd3 Ke7 50. Kf2 g6 51. Kg2 Bf5 52. Rc3 Kd6 53. Kf3
Kd5 54. g4 Kd4 55. gxf5 Kxc3 56. fxg6 hxg6 57. f5 Kd4 58. Kf4 Kd5 59. fxg6 Ke6
60. Ke4 Nxa3 0-1

[Event "World Youth U16 Olympiad"]
[Site "Gyor HUN"]
[Date "2014.12.14"]
[Round "3.8"]
[Board "1"]
[White "Theodorou, Nikolas"]
[Black "Taalaibekov, Tagir"]
[Result "1-0"]
[WhiteElo "2321"]
[BlackElo "2047"]
[WhiteTeam "Greece"]
[BlackTeam "Kyrgyzstan"]
[WhiteFideId "4262875"]
[BlackFideId "13801163"]
[EventDate "2014.12.13"]

1. Nf3 e6 2. c4 Nf6 3. g3 b6 4. Bg2 Bb7 5. O-O c5 6. Nc3 Be7 7. d4 O-O 8. d5
exd5 9. Nh4 g6 10. cxd5 d6 11. e4 Re8 12. f4 Bf8 13. Re1 Nbd7 14. b3 a6 15. a4
Bg7 16. Bb2 Nh5 17. Nf3 b5 18. axb5 axb5 19. Rxa8 Bxa8 20. Nxb5 Qb6 21. Bxg7
Nxg7 22. Bf1 c4+ 23. Nfd4 cxb3 24. Qxb3 Nc5 25. Qa2 Bb7 26. e5 Ra8 27. Qf2 Bxd5
28. Nxd6 Ra2 29. Re2 Nd3 30. Qe3 Rxe2 31. Bxe2 Nc1 32. Bb5 Nb3 33. N4f5 Qc7 34.
Nh6+ Kf8 35. Bf1 Be6 36. Ne4 Ne8 37. g4 Bd5 38. Nc3 Bb7 39. Bb5 Ba8 40. Bxe8
Kxe8 41. e6 f6 42. Ng8 Qc5 43. Nxf6+ Ke7 44. Ng8+ Ke8 45. Kf2 Qc6 46. Nf6+ Ke7
47. Ncd5+ Kd6 48. Qe5+ Kc5 49. Ne7+ 1-0

[Event "World Youth U16 Olympiad"]
[Site "Gyor HUN"]
[Date "2014.12.14"]
[Round "3.8"]
[Board "2"]
[White "Isaev, Chingys"]
[Black "Kourkoulos-Arditis, Stamatis"]
[Result "1/2-1/2"]
[BlackTitle "FM"]
[WhiteElo "1949"]
[BlackElo "2294"]
[WhiteTeam "Kyrgyzstan"]
[BlackTeam "Greece"]
[WhiteFideId "13801660"]
[BlackFideId "4221990"]
[EventDate "2014.12.13"]

1. d4 Nf6 2. c4 e6 3. Nc3 Bb4 4. Qc2 O-O 5. a3 Bxc3+ 6. Qxc3 b6 7. Nf3 Bb7 8. e3
d6 9. Be2 Nbd7 10. O-O a5 11. b3 Ne4 12. Qc2 f5 13. Bb2 Ng5 14. Qd1 Qf6 15. Nxg5
Qxg5 16. Bf3 Be4 17. Qe2 Rf6 18. Bxe4 fxe4 19. f4 exf3 20. Rxf3 Rxf3 21. Qxf3
Rf8 22. Qe2 Qg6 23. e4 Nf6 24. Re1 Ng4 25. h3 Rf2 26. Qxg4 Qxg4 27. hxg4 Rxb2
28. Re3 a4 29. bxa4 Rc2 30. e5 Rxc4 31. exd6 cxd6 32. Rxe6 Rxd4 33. Re3 Kf7 34.
Rb3 Rxa4 35. Rxb6 Ke6 36. g5 Ra7 37. Kf2 Kd5 38. Ke2 g6 39. Rb3 Kc4 40. Rb4+ Kc5
41. Rb3 d5 42. Rh3 Kc4 43. a4 d4 44. Ra3 Ra5 45. g3 Rxg5 46. a5 Re5+ 47. Kd2 Kb4
48. Rd3 Kxa5 49. Rxd4 Kb5 50. g4 Kc5 51. Rf4 Kd6 52. Rf7 Re7 53. Rf6+ Kd5 54. g5
Kd4 55. Rf4+ Re4 56. Rf7 Rh4 57. Re7 Rh2+ 58. Ke1 Kd5 59. Kf1 Kd6 60. Rf7 Ke6
61. Rf6+ Ke7 62. Ra6 Kf8 63. Kg1 Rh4 64. Kf2 Rh3 65. Kg2 Re3 66. Ra7 Kg8 67.
Ra8+ Kf7 68. Ra7+ Re7 69. Ra5 Ke6 70. Kf3 Rf7+ 71. Kg4 Rd7 72. Ra6+ Ke5 73. Ra5+
Ke4 74. Ra4+ Ke3 75. Ra3+ Rd3 76. Ra7 Rd1 77. Ra3+ Ke4 78. Ra4+ Ke5 79. Ra5+ Rd5
80. Ra7 Rd4+ 81. Kg3 Kf5 82. Rxh7 Kxg5 83. Ra7 Rd3+ 84. Kg2 Kh5 85. Ra5+ g5 86.
Ra4 g4 87. Ra8 Kg5 1/2-1/2

[Event "World Youth U16 Olympiad"]
[Site "Gyor HUN"]
[Date "2014.12.14"]
[Round "3.8"]
[Board "3"]
[White "Tsiros, Fragkiskos Vlasios"]
[Black "Isakzhanov, Aibek"]
[Result "1-0"]
[WhiteElo "2147"]
[BlackElo "1785"]
[WhiteTeam "Greece"]
[BlackTeam "Kyrgyzstan"]
[WhiteFideId "4228200"]
[BlackFideId "13802542"]
[EventDate "2014.12.13"]

1. e4 c5 2. Nf3 d6 3. d4 cxd4 4. Nxd4 Nf6 5. Nc3 g6 6. Be3 Bg7 7. Qd2 Nc6 8. f3
O-O 9. Bc4 Bd7 10. O-O-O Qa5 11. Kb1 Ne5 12. Bb3 Rfc8 13. g4 Nc4 14. Bxc4 Rxc4
15. Nb3 Qa6 16. e5 Ne8 17. Nd5 Bxe5 18. Nxe7+ Kf8 19. Nd5 Rac8 20. Bh6+ Ng7 21.
Rc1 Ba4 22. f4 Bxb3 23. cxb3 Rxc1+ 24. Rxc1 Rxc1+ 25. Kxc1 Qc6+ 26. Kb1 f6 27.
fxe5 dxe5 28. Qb4+ 1-0

[Event "World Youth U16 Olympiad"]
[Site "Gyor HUN"]
[Date "2014.12.14"]
[Round "3.9"]
[Board "1"]
[White "Gorodetzky, David"]
[Black "Thybo, Jesper Sondergaard"]
[Result "0-1"]
[BlackTitle "FM"]
[WhiteElo "2164"]
[BlackElo "2255"]
[WhiteTeam "Rehovot Chess School"]
[BlackTeam "Denmark"]
[WhiteFideId "2813416"]
[BlackFideId "1438832"]
[EventDate "2014.12.13"]

1. e4 e6 2. d4 d5 3. Nd2 Be7 4. Ngf3 Nf6 5. Bd3 c5 6. exd5 Nxd5 7. dxc5 Bxc5 8.
O-O Nc6 9. Ne4 Be7 10. a3 O-O 11. c4 Nf6 12. Qc2 h6 13. b4 Nxe4 14. Bxe4 Bf6 15.
Bb2 Bxb2 16. Qxb2 Qc7 17. Rad1 Bd7 18. b5 Ne7 19. Qe5 Rfc8 20. Rd4 f6 21. Qd6 e5
22. Qxe7 exd4 23. Bd5+ Kh8 24. Nh4 Re8 25. Qf7 Rac8 26. Ng6+ Kh7 27. Ne7 Qe5 28.
Qg6+ Kh8 29. Nxc8 Bxc8 30. Qg3 Qe2 31. Qb3 Bf5 32. Bf3 Qd3 33. Qxd3 Bxd3 34. Rc1
Bxc4 35. a4 Bb3 36. a5 d3 37. h3 d2 38. Rc7 Bd5 39. Bh5 d1=Q+ 40. Bxd1 Re1+ 41.
Kh2 Rxd1 42. Rd7 Rd3 43. f3 a6 44. b6 Be4 45. Rc7 Bc6 46. Kg3 Ra3 47. Kg4 Rxa5
48. f4 Rb5 49. Re7 Rxb6 50. Kf5 Kh7 0-1

[Event "World Youth U16 Olympiad"]
[Site "Gyor HUN"]
[Date "2014.12.14"]
[Round "3.9"]
[Board "2"]
[White "Bjerre, Jonas"]
[Black "Zlatin, Alexander"]
[Result "1-0"]
[WhiteElo "2073"]
[BlackElo "2032"]
[WhiteTeam "Denmark"]
[BlackTeam "Rehovot Chess School"]
[WhiteFideId "1444948"]
[BlackFideId "2810549"]
[EventDate "2014.12.13"]

1. e4 e5 2. Bc4 Nf6 3. d3 Nc6 4. Nf3 Bc5 5. c3 O-O 6. b4 Bb6 7. Bg5 h6 8. Bh4 d6
9. Nbd2 Be6 10. O-O g5 11. Bg3 Bg4 12. h3 Bh5 13. Bb3 Bg6 14. Nc4 Nh5 15. Bh2
Qf6 16. a4 a5 17. Nxb6 cxb6 18. b5 Nd8 19. Bd5 Ne6 20. Bxb7 Ra7 21. Bd5 Nhf4 22.
Bxe6 fxe6 23. Bxf4 Qxf4 24. Qd2 Qf6 25. Qe3 Bh5 26. Nd2 g4 27. hxg4 Bxg4 28. f3
Bh5 29. Qxb6 Rg7 30. Qe3 Qg6 31. Rf2 Qg3 32. Nf1 Qg6 33. Raa2 Rf4 34. b6 Rgf7
35. g4 Qg5 36. Nh2 Kh7 37. Rg2 Bxg4 38. Rxg4 Rxg4+ 39. Nxg4 Rf4 40. Rg2 Qe7 41.
d4 Qf8 42. dxe5 dxe5 43. Nxe5 Qf6 44. Ng4 Qh4 45. b7 Rf8 46. Qxh6+ Qxh6 47. Nxh6
Kxh6 48. Rb2 Rb8 49. c4 Kg5 50. c5 Kf4 51. c6 Kxf3 52. Rb3+ Ke2 53. c7 Rg8+ 54.
Kh2 Rh8+ 55. Kg2 Rg8+ 56. Rg3 Rf8 57. c8=Q Rf2+ 58. Kh3 e5 59. Qc2+ Ke1 60. Re3+ 1-0

[Event "World Youth U16 Olympiad"]
[Site "Gyor HUN"]
[Date "2014.12.14"]
[Round "3.9"]
[Board "3"]
[White "Parkhov, Yair"]
[Black "Moller, Sophus Mechlenburg"]
[Result "1-0"]
[WhiteElo "1960"]
[BlackElo "2133"]
[WhiteTeam "Rehovot Chess School"]
[BlackTeam "Denmark"]
[WhiteFideId "2813408"]
[BlackFideId "1439090"]
[EventDate "2014.12.13"]

1. d4 Nf6 2. c4 g6 3. Nc3 d5 4. Bf4 Bg7 5. e3 O-O 6. Nf3 c5 7. dxc5 Qa5 8. Rc1
Rd8 9. Qb3 Na6 10. Qb5 Qxb5 11. Nxb5 dxc4 12. Bxc4 Nd5 13. Be5 Be6 14. Bxg7 Kxg7
15. c6 bxc6 16. Nbd4 Nc5 17. Ke2 Bg4 18. Nxc6 Rd7 19. Bxd5 Rxd5 20. Nxe7 Re5 21.
Nc6 Rd5 22. Rhd1 Rxd1 23. Rxd1 Rc8 24. Ne5 Be6 25. Rc1 Na4 26. Rxc8 Bxc8 27. b3
Nc3+ 28. Kd2 Nxa2 29. Nc6 a6 30. Kc2 Bb7 31. Nfd4 a5 32. Nxa5 Be4+ 33. Kd2 Bxg2
34. Nac6 Bxc6 35. Nxc6 Kf6 36. Kc2 Ke6 37. Kb2 Kd6 38. Kxa2 Kxc6 39. b4 g5 40.
Kb3 Kb5 41. e4 g4 42. e5 h5 43. Kc3 h4 44. Kb3 h3 45. Kc3 Kb6 46. Kc4 Kc6 47.
b5+ Kb6 48. Kb4 Kb7 49. Kc5 Kc7 50. b6+ Kb7 51. Kb5 Kb8 52. Kc6 Kc8 53. b7+ Kb8
54. Kb6 g3 55. fxg3 f5 56. e6 1-0

[Event "World Youth U16 Olympiad"]
[Site "Gyor HUN"]
[Date "2014.12.14"]
[Round "3.9"]
[Board "4"]
[White "Vangsgaard, Freja"]
[Black "Gorodetzky, Matan"]
[Result "1-0"]
[WhiteElo "1801"]
[BlackElo "1751"]
[WhiteTeam "Denmark"]
[BlackTeam "Rehovot Chess School"]
[WhiteFideId "1436589"]
[BlackFideId "2813394"]
[EventDate "2014.12.13"]

1. d4 e6 2. c4 Nf6 3. Nc3 Bb4 4. e3 O-O 5. Ne2 d5 6. a3 Bxc3+ 7. Nxc3 a5 8. b3
b6 9. Bb2 Bb7 10. Qc2 Qe7 11. Na4 Nc6 12. c5 Nd7 13. Rc1 f6 14. Bd3 g6 15. Bb5
Rfc8 16. Qd1 Kg7 17. O-O bxc5 18. Nxc5 Nxc5 19. Rxc5 Qd6 20. Qc2 Nd8 21. Rc1 c6
22. Be2 Ba6 23. Rxa5 Bxe2 24. Rxa8 Rxa8 25. Qxe2 e5 26. dxe5 fxe5 27. Qc2 Rc8
28. Qc5 Qc7 29. h3 Ne6 30. Qc3 d4 31. Qc4 Qd6 32. exd4 exd4 33. Re1 Kf6 34. b4
c5 35. bxc5 1-0

[Event "World Youth U16 Olympiad"]
[Site "Gyor HUN"]
[Date "2014.12.14"]
[Round "3.10"]
[Board "1"]
[White "Mesaros, Florian"]
[Black "Jarmula, Lukasz"]
[Result "1/2-1/2"]
[BlackTitle "FM"]
[WhiteElo "2370"]
[BlackElo "2307"]
[WhiteTeam "Austria"]
[BlackTeam "Poland 1"]
[WhiteFideId "1629220"]
[BlackFideId "1160664"]
[EventDate "2014.12.13"]

1. Nf3 Nf6 2. c4 g6 3. Nc3 d5 4. d4 Bg7 5. h4 c6 6. cxd5 cxd5 7. Bf4 Nc6 8. e3
O-O 9. Ne5 Qb6 10. Qd2 Ne4 11. Nxe4 dxe4 12. Nxc6 bxc6 13. Rc1 Rd8 14. Qc3 Be6
15. b3 a5 16. Rc2 Rdc8 17. Be5 Bxe5 18. dxe5 a4 19. b4 a3 20. Bc4 Bxc4 21. Qxc4
Ra4 22. O-O Qxb4 23. Qxb4 Rxb4 24. Rfc1 Rd8 25. Rxc6 Rd2 26. R6c2 Rb2 27. Rxd2
Rxd2 28. g4 Rxa2 29. Rc8+ Kg7 30. Ra8 f5 31. exf6+ exf6 32. Ra7+ Kg8 33. Ra8+
Kg7 34. Ra7+ Kg8 1/2-1/2